00387ntaaa2200157 45000030003000000050017000030080021000200400037000410820017000781000018000952450040001132500010001532600040001633000010002036500016002130120251027202850.00714s1973 ag 01  aAR-BaBNbspacAR-BaBNeaacrdRIC a269.0000 Sh8 aShort, Roy H  aEvangelism through the local church a1 ed. aNew York : bAbingdon Press, c1956 a126 p aevangelismo